| 000 | 00473nam a22001697a 4500 | ||
|---|---|---|---|
| 003 | NUST - PNEC | ||
| 005 | 20170116180949.0 | ||
| 008 | 150908b xxu||||| |||| 00| 0 eng d | ||
| 020 | _a0070398712 | ||
| 040 | _cLIBRARY | ||
| 082 | _a621.38153042 MAN | ||
| 100 |
_99032 _aManera, Anthony S. |
||
| 245 |
_aSolid state electronic circuits: For engineering technology _cAnthony S. Manera |
||
| 260 | _cc.1981 | ||
| 650 |
_99034 _aTransistor circuits _xEE |
||
| 942 |
_2ddc _cBK |
||
| 999 |
_c66349 _d66349 |
||